Central Library OPAC University of Rajshahi

A Fantasy of Mediterranean Travel / (Record no. 21428)

MARC details
000 -LEADER
fixed length control field 00914cam a22002653u 4500
001 - CONTROL NUMBER
control field 21428
003 - CONTROL NUMBER IDENTIFIER
rucl marc code BD-RjUL
005 - DATE AND TIME OF LATEST TRANSACTION
control field 20211209000702.0
008 - FIXED-LENGTH DATA ELEMENTS--GENERAL INFORMATION
fixed length control field 140304s1909 ||||||||s|||||||| ||||| d
035 ## - SYSTEM CONTROL NUMBER
System control number (BD-RjUL)21492
040 ## - CATALOGING SOURCE
Original cataloging agency WaSeSS
Transcribing agency WaSeSS
Modifying agency WaSeSS
-- BD-RjUL
Language of cataloging eng
041 ## - LANGUAGE CODE
Language code of text/sound track or separate title eng
082 ## - DEWEY DECIMAL CLASSIFICATION NUMBER
Classification number 910.4
Author mark and year BAF
100 1# - MAIN ENTRY--PERSONAL NAME
Personal name Bayne, S. G.
9 (RLIN) 66220
245 10 - TITLE STATEMENT
Title A Fantasy of Mediterranean Travel /
Statement of responsibility, etc. Bayne, S. G.
260 ## - PUBLICATION, DISTRIBUTION, ETC. (IMPRINT)
Place of publication, distribution, etc. London,
Name of publisher, distributor, etc. Happer and Brother Publishers,
Date of publication, distribution, etc. 1909.
300 ## - PHYSICAL DESCRIPTION
Pagination 103 p. ;
Size 23cm.
500 ## - GENERAL NOTE
General note Title from content provider.
506 ## - RESTRICTIONS ON ACCESS NOTE
Terms governing access License restrictions may limit access.
650 ## - SUBJECT ADDED ENTRY--TOPICAL TERM
Topical term or geographic name as entry element Mediterranean Sea -- Description and travel.
9 (RLIN) 66221
700 1# - ADDED ENTRY--PERSONAL NAME
Personal name Bayne, S.G.
773 #0 - HOST ITEM ENTRY
Title Project Gutenberg Online Catalog
856 40 - ELECTRONIC LOCATION AND ACCESS
Uniform Resource Identifier <a href="http://www.columbia.edu/cgi-bin/cul/resolve?clio7494808">http://www.columbia.edu/cgi-bin/cul/resolve?clio7494808</a>
Public note Full text available from Project Gutenberg Online Catalog
942 ## - ADDED ENTRY ELEMENTS (KOHA)
Source of classification or shelving scheme Dewey Decimal Classification
Koha item type Books
Holdings
Lost status Source of classification or shelving scheme Damaged status Not for loan Collection code Permanent Location Current Location Shelving location Date acquired Source of acquisition Cost, normal purchase price Total Checkouts Full call number Date last seen Copy number Koha item type
  Dewey Decimal Classification   Added to bundle Non-fiction Central Library, University of Rajshahi Central Library, University of Rajshahi Reading Room 15/11/1966 Dhaka Quesise 4.60   910.4 BAF 1909 04/03/2014 C-1 Books